[Event "ICS rated blitz match"]
[Site "204.178.125.65"]
[Date "2000.04.14"]
[Round "?"]
[White "TheWizz"]
[Black "Hossa"]
[Result "1-0"]
[WhiteElo "1988"]
[BlackElo "2392"]
[PlyCount "223"]

1. c4 e5 2. g3 Nf6 3. Bg2 c6 4. d4 exd4 5. Qxd4 d5 6. cxd5 cxd5 7. Nf3 Nc6 8.
Qa4 Be7 9. O-O O-O 10. Be3 Ng4 11. Bd4 Nxd4 12. Nxd4 Nf6 13. Nc3 Bc5 14. Rad1
Be6 15. Nb3 Bb6 16. e4 Bd7 17. Qa3 Bg4 18. Rd2 d4 19. Nb5 Re8 20. f3 d3+ 21.
Kh1 Be6 22. Nd6 Rf8 23. e5 Nd5 24. Rxd3 Ne3 25. Rc1 Nc4 26. Qb4 Nxe5 27. Rdd1
Nc6 28. Qd2 Bxb3 29. axb3 Qe7 30. Nf5 Qe5 31. g4 Rad8 32. Qc3 Bd4 33. Nxd4 Rxd4
34. Rxd4 Nxd4 35. Re1 Qd6 36. Rd1 Rd8 37. h3 b6 38. b4 Qf4 39. b5 Qe5 40. Rd3
g6 41. Qd2 g5 42. h4 gxh4 43. f4 Qc5 44. f5 f6 45. g5 Qe5 46. gxf6 Kf7 47. Qh6
Qxf6 48. Qxh7+ Kf8 49. Qg6 Qxg6 50. fxg6 Rd6 51. Be4 Nxb5 52. Rh3 Rd1+ 53. Kg2
Nd6 54. Rxh4 Nxe4 55. Rf4+ Kg7 56. Rxe4 Kxg6 57. Re7 Ra1 58. Kf3 Kf6 59. Rb7
Ra5 60. Ke4 Ra4+ 61. Kd3 Ra1 62. Kc4 Kg6 63. b4 Kg5 64. Kd5 Kf6 65. Rh7 Ra2 66.
Kc6 Kg6 67. Re7 Ra4 68. b5 Kf6 69. Re2 Rh4 70. Kb7 Rh7+ 71. Ka6 Rg7 72. Re8 Rd7
73. Ra8 Rd6 74. Rxa7 Kf5 75. Rb7 Rd1 76. Rxb6 Ra1+ 77. Kb7 Rb1 78. Ka7 Ke4 79.
Rb8 Ra1+ 80. Kb7 Kd5 81. b6 Rb1 82. Rc8 Kd6 83. Rc2 Kd7 84. Rd2+ Ke7 85. Kc7
Rc1+ 86. Kb8 Ke6 87. b7 Rb1 88. Rd4 Ke5 89. Ra4 Kd6 90. Ka7 Kd5 91. b8=Q Rxb8
92. Kxb8 Kd6 93. Kb7 Kc5 94. Rh4 Kd5 95. Kc7 Kc5 96. Rh5+ Kd4 97. Kc6 Ke4 98.
Kd6 Kd3 99. Kd5 Ke3 100. Ke5 Kd3 101. Rh4 Ke3 102. Rh3+ Kd2 103. Ke4 Kc2 104.
Kd4 Kd2 105. Rh2+ Ke1 106. Kd3 Kf1 107. Ra2 Kg1 108. Ke3 Kf1 109. Rb2 Kg1 110.
Kf3 Kh1 111. Kg3 Kg1 112. Rb1# 1-0

[Event "ICS rated blitz match"]
[Site "204.178.125.65"]
[Date "2000.04.14"]
[Round "?"]
[White "Hossa"]
[Black "harimau"]
[Result "0-1"]
[WhiteElo "2363"]
[BlackElo "2241"]
[PlyCount "94"]

1. e4 d5 2. exd5 Qxd5 3. Nc3 Qa5 4. d4 c6 5. Nf3 Nf6 6. Be2 Bf5 7. Bd2 Nbd7 8.
O-O Qc7 9. Qc1 e6 10. Nh4 Bd6 11. f4 Bg4 12. Bxg4 Nxg4 13. g3 O-O 14. Nf3 Ngf6
15. Ne5 h6 16. Rf2 Be7 17. Qe1 Qb6 18. Be3 Qa5 19. a3 Qa6 20. Nxd7 Nxd7 21. f5
exf5 22. Bxh6 Bf6 23. Be3 Rfe8 24. Qd2 Nb6 25. b3 c5 26. a4 Rxe3 27. Qxe3 cxd4
28. Qf4 dxc3 29. Qxf5 Rd8 30. Raf1 Nc8 31. Re1 Bd4 32. Qxf7+ Kh7 33. g4 Qg6 34.
Qxg6+ Kxg6 35. Ree2 Kg5 36. h3 Kh4 37. Kh2 Bxf2 38. Rxf2 Rd2 39. Rg2 Nd6 40. a5
Nb5 41. a6 Nd4 42. Kg1 bxa6 43. g5 Kxh3 44. Re2 Rxe2 45. g6 Kg3 46. Kf1 Rxc2
47. b4 Rc1# 0-1

[Event "ICS rated blitz match"]
[Site "204.178.125.65"]
[Date "2000.04.14"]
[Round "?"]
[White "harimau"]
[Black "Hossa"]
[Result "1-0"]
[WhiteElo "2619"]
[BlackElo "2360"]
[PlyCount "63"]

1. e4 e5 2. Nc3 Nf6 3. f4 d5 4. fxe5 Nxe4 5. Nf3 Be7 6. d4 O-O 7. Bd3 f5 8.
exf6 Bxf6 9. O-O Nc6 10. Ne2 Bg4 11. c3 Qd7 12. Nf4 Qf7 13. Ng5 Bxg5 14. Qxg4
Bxf4 15. Bxf4 Nf6 16. Qg3 Nh5 17. Qh3 Nf6 18. Bg5 h5 19. Bxf6 gxf6 20. Rf5 Qg7
21. Rxh5 Rf7 22. Rf1 Re8 23. Rf3 Re1+ 24. Kf2 Rd1 25. Qc8+ Rf8 26. Qe6+ Rf7 27.
Qe8+ Rf8 28. Bh7+ Qxh7 29. Rg5+ Qg7 30. Rxg7+ Kxg7 31. Rg3+ Kh7 32. Qh5# 1-0

[Event "ICS rated blitz match"]
[Site "204.178.125.65"]
[Date "2000.04.14"]
[Round "?"]
[White "Hossa"]
[Black "iva"]
[Result "1-0"]
[WhiteElo "2358"]
[BlackElo "2318"]
[PlyCount "171"]

1. e4 e6 2. d4 d5 3. Nc3 Bb4 4. e5 c5 5. a3 Bxc3+ 6. bxc3 Ne7 7. Qg4 O-O 8. Bd3
Nbc6 9. Qh5 Ng6 10. Nf3 Nce7 11. Bg5 c4 12. Be2 Bd7 13. O-O Ba4 14. Rab1 b6 15.
Bd1 h6 16. Be3 Nf5 17. Nd2 Be8 18. Qe2 f6 19. exf6 Qxf6 20. Re1 Ngh4 21. g3 Bh5
22. Qxh5 Nxe3 23. Qe2 Nxd1 24. Rbxd1 Nf3+ 25. Nxf3 Qxf3 26. Qxe6+ Kh8 27. Qe3
Qf5 28. Re2 Rf6 29. f4 Raf8 30. Rf1 Qg6 31. Qd2 h5 32. Re5 Kg8 33. Qg2 h4 34.
Qxd5+ R6f7 35. Qe4 Qd6 36. Rh5 g6 37. Rxh4 Kg7 38. Re1 Rf5 39. Qe7+ Qxe7 40.
Rxe7+ R8f7 41. Re1 Ra5 42. Ra1 Rb5 43. Ra2 Rb1+ 44. Kf2 Rd1 45. Ke2 Rh1 46. Kf3
Re7 47. Kg4 Rhe1 48. Kg5 Rf7 49. a4 Re3 50. g4 Rd7 51. Rh6 Rd5+ 52. f5 gxf5 53.
Rg6+ Kf7 54. Rf6+ Kg7 55. Rxf5 Rd6 56. h4 Rg6+ 57. Kf4 Rxc3 58. Rg5 Rh3 59.
Rxg6+ Kxg6 60. h5+ Kh6 61. a5 b5 62. Rb2 a6 63. Rb1 Rh2 64. Rc1 Re2 65. c3 Rf2+
66. Kg3 Rd2 67. Re1 Rd3+ 68. Kf4 Rxc3 69. Re6+ Kg7 70. Rxa6 Rc1 71. Rb6 Rb1 72.
g5 c3 73. Rc6 Rf1+ 74. Ke5 b4 75. a6 b3 76. Rc7+ Kg8 77. Rc8+ Kg7 78. a7 Ra1
79. a8=Q Rxa8 80. Rxa8 c2 81. h6+ Kg6 82. Rg8+ Kh7 83. Rc8 b2 84. Kf6 c1=Q 85.
g6+ Kxh6 86. Rh8# 1-0

[Event "ICS rated blitz match"]
[Site "204.178.125.65"]
[Date "2000.04.14"]
[Round "?"]
[White "iva"]
[Black "Hossa"]
[Result "0-1"]
[WhiteElo "2304"]
[BlackElo "2372"]
[PlyCount "136"]

1. d4 Nf6 2. c4 d6 3. Nc3 Nbd7 4. Nf3 e5 5. Bg5 exd4 6. Qxd4 Be7 7. e3 h6 8.
Bh4 Nc5 9. Be2 g5 10. Bg3 Ne6 11. Qd2 Nc5 12. Nd4 Nfe4 13. Nxe4 Nxe4 14. Qc2
Nxg3 15. hxg3 c6 16. O-O-O Qa5 17. Kb1 Bd7 18. Bd3 O-O-O 19. Bf5 h5 20. Bxd7+
Rxd7 21. Qf5 Bd8 22. Qxa5 Bxa5 23. Nf5 Bc7 24. Rh3 g4 25. Rh2 f6 26. Rd4 Rdd8
27. Rh1 b6 28. Ng7 Rh7 29. Ne6 Rdh8 30. Rh4 Kd7 31. Nf4 f5 32. Ng6 Bd8 33. Rh1
Re8 34. Rhd1 Bc7 35. Nh4 Rf7 36. Kc1 Re6 37. Rf4 Re5 38. Kc2 Bd8 39. Rfd4 Rf6
40. Kc3 Rfe6 41. Rh1 a5 42. Rf4 Bg5 43. Rxf5 Bxh4 44. Rxe5 Bf6 45. Rhxh5 Rxe5
46. Rxe5 Bxe5+ 47. Kc2 Kd8 48. b3 Ke7 49. Kd3 Kf6 50. Ke4 b5 51. Kd3 bxc4+ 52.
Kxc4 Ke6 53. a4 d5+ 54. Kc5 Kd7 55. Kb6 d4 56. exd4 Bxd4+ 57. Kxa5 Bxf2 58. Kb4
c5+ 59. Kb5 Kc7 60. a5 Kb7 61. a6+ Ka7 62. Ka5 Bxg3 63. Kb5 Bf2 64. Ka5 g3 65.
Kb5 Bd4 66. Ka5 Bc3+ 67. Kb5 Bb4 68. Kc4 Kxa6 0-1

[Event "ICS rated blitz match"]
[Site "204.178.125.65"]
[Date "2000.04.14"]
[Round "?"]
[White "Hossa"]
[Black "iva"]
[Result "1-0"]
[WhiteElo "2385"]
[BlackElo "2291"]
[PlyCount "71"]

1. e4 e6 2. d4 d5 3. Nc3 Bb4 4. e5 c5 5. a3 Bxc3+ 6. bxc3 Ne7 7. Qg4 O-O 8. Bd3
f5 9. exf6 Rxf6 10. Bg5 Rf7 11. Qh4 h6 12. Bxe7 Rxe7 13. Qg3 Nc6 14. Nf3 cxd4
15. cxd4 Qa5+ 16. Ke2 Bd7 17. Rhe1 Rf8 18. Qg6 Rf6 19. Qh7+ Kf7 20. Ne5+ Nxe5
21. dxe5 Rf5 22. Bxf5 exf5 23. Kf1 Qa4 24. Rac1 Qf4 25. g3 Qf3 26. Kg1 d4 27.
e6+ Bxe6 28. Rcd1 Bd5 29. Rxe7+ Kxe7 30. Qxg7+ Kd8 31. Qh8+ Kc7 32. Qg7+ Kc6
33. Qf6+ Kb5 34. c4+ Kxc4 35. Qxd4+ Kb5 36. Qxd5+ 1-0

[Event "ICS Rated standard match"]
[Site "204.178.125.65"]
[Date "2000.04.14"]
[Round "?"]
[White "CWCRF"]
[Black "Hossa"]
[Result "1/2-1/2"]
[WhiteElo "2200"]
[BlackElo "2315"]
[PlyCount "146"]

1. e4 e5 2. Nf3 Nc6 3. Bb5 a6 4. Ba4 Nf6 5. O-O Nxe4 6. d4 b5 7. Bb3 d5 8. dxe5
Be6 9. Nbd2 Nc5 10. c3 d4 11. Ng5 Qxg5 12. Qf3 O-O-O 13. Bxe6+ fxe6 14. Qxc6
Qxe5 15. b4 Qd5 16. Qxd5 exd5 17. bxc5 dxc3 18. Nb3 d4 19. Re1 d3 20. Bg5 d2
21. Bxd8 dxe1=Q+ 22. Rxe1 Kxd8 23. Re3 b4 24. Re4 Kd7 25. Rxb4 Be7 26. c6+ Kxc6
27. Rc4+ Kb5 28. Rxc3 Rd8 29. Kf1 c5 30. Rc2 Rd1+ 31. Ke2 Rh1 32. h3 Rg1 33.
Kf3 Re1 34. Nd2 Bf6 35. Ne4 Bd4 36. Rd2 Kc4 37. h4 a5 38. h5 a4 39. h6 gxh6 40.
Kf4 Kb4 41. Kf5 a3 42. f4 Rb1 43. Ke6 Be3 44. Rd7 Rb2 45. f5 Rxa2 46. f6 h5 47.
Rb7+ Kc4 48. Ra7 Re2 49. Rxa3 Bd4 50. f7 Bg7 51. Kf5 Rxg2 52. Ra8 Rg1 53. Rg8
Rf1+ 54. Ke6 Re1 55. Rxg7 Rxe4+ 56. Kf5 Re2 57. Rxh7 Rf2+ 58. Ke6 Re2+ 59. Kf6
Rf2+ 60. Kg6 h4 61. Rh5 h3 62. Rh4+ Kd3 63. Rxh3+ Kd4 64. Rh5 Rxf7 65. Kxf7 c4
66. Kf6 c3 67. Rh7 Kd3 68. Rh3+ Kd2 69. Rh2+ Kd3 70. Rh1 c2 71. Ke5 Kd2 72. Kd4
c1=Q 73. Rxc1 Kxc1 1/2-1/2

[Event "ICS rated blitz match"]
[Site "204.178.125.65"]
[Date "2000.04.14"]
[Round "?"]
[White "leslie"]
[Black "Hossa"]
[Result "0-1"]
[WhiteElo "2059"]
[BlackElo "2397"]
[PlyCount "24"]

1. e4 d5 2. exd5 Qxd5 3. Nc3 Qa5 4. d4 c6 5. Nf3 Nf6 6. Bc4 Bg4 7. O-O Nbd7 8.
Re1 e6 9. Bd2 Qc7 10. h3 Bxf3 11. Qxf3 Bd6 12. d5 Ne5 0-1

[Event "ICS rated standard match"]
[Site "204.178.125.65"]
[Date "2000.04.14"]
[Round "?"]
[White "Hossa"]
[Black "Caterpie"]
[Result "1-0"]
[WhiteElo "2315"]
[BlackElo "2019"]
[PlyCount "39"]

1. c4 c5 2. Nc3 Nc6 3. Nf3 f5 4. e3 e5 5. d4 e4 6. Ne5 Nf6 7. Be2 Qc7 8. Nb5
Qb8 9. Nxc6 dxc6 10. Nc3 Be7 11. d5 cxd5 12. Nxd5 Be6 13. Nxe7 Kxe7 14. Bd2 Rd8
15. h4 Rd6 16. b4 Qc7 17. bxc5 Qxc5 18. Rb1 Ke8 19. Rxb7 Rad8 20. Qa4+ 1-0

[Event "ICS rated blitz match"]
[Site "204.178.125.65"]
[Date "2000.04.14"]
[Round "?"]
[White "PostModernist"]
[Black "Hossa"]
[Result "0-1"]
[WhiteElo "2486"]
[BlackElo "2401"]
[PlyCount "110"]

1. e4 e5 2. d4 exd4 3. c3 dxc3 4. Bc4 cxb2 5. Bxb2 d5 6. Bxd5 Nf6 7. Bxf7+ Kxf7
8. Qxd8 Bb4+ 9. Qd2 Bxd2+ 10. Nxd2 Re8 11. Ngf3 Nc6 12. O-O Bg4 13. Rfe1 Kg8
14. Rab1 Rab8 15. Bxf6 gxf6 16. Rec1 Kg7 17. h3 Bh5 18. g4 Bf7 19. a4 h6 20.
Nh4 Be6 21. Nf1 Rec8 22. Rd1 a6 23. Ne3 Ne7 24. Neg2 b5 25. Nf4 Kf7 26. axb5
axb5 27. Nf3 c5 28. e5 Ng6 29. Nxg6 Kxg6 30. Rd6 Kf7 31. exf6 Kxf6 32. Re1 Re8
33. Rc6 b4 34. h4 Kf7 35. g5 b3 36. gxh6 b2 37. h5 Bd5 38. Ng5+ Kg8 39. Rg6+
Kh8 40. Rb1 Rg8 41. h7 Rge8 42. Ra6 Re5 43. f4 Re2 44. Rd6 Ba2 45. Rdd1 Bxb1
46. Rxb1 Rc2 47. Nf3 Rc1+ 48. Kg2 Rxb1 49. h6 Rd1 50. Kg3 b1=Q 51. Kh4 Qg6 52.
Ng5 Rg1 53. Nf7+ Qxf7 54. f5 Rb4+ 55. Kh3 Qh5# 0-1

[Event "ICS rated blitz match"]
[Site "204.178.125.65"]
[Date "2000.04.14"]
[Round "?"]
[White "Hossa"]
[Black "PostModernist"]
[Result "0-1"]
[WhiteElo "2421"]
[BlackElo "2466"]
[PlyCount "126"]

1. e4 e5 2. Nf3 Nc6 3. Nc3 Nf6 4. Nxe5 Bb4 5. Nxc6 dxc6 6. d3 Qd4 7. Bd2 Ng4 8.
Qe2 Bc5 9. Nd1 O-O 10. c3 Qd8 11. g3 Ne5 12. h3 Ng6 13. Ne3 Be6 14. d4 Be7 15.
f4 Nh8 16. f5 Bd7 17. Bg2 c5 18. O-O Re8 19. Nd5 cxd4 20. cxd4 Bc6 21. Nxe7+
Qxe7 22. f6 gxf6 23. d5 Bd7 24. Bc3 f5 25. Qh5 Ng6 26. exf5 Ne5 27. Qh6 f6 28.
d6 cxd6 29. Bxb7 Rab8 30. Bd5+ Kh8 31. Be6 Bxe6 32. fxe6 Rf8 33. Bd4 a6 34. Rf5
Qxe6 35. Raf1 Qd5 36. Ba7 Ra8 37. b3 Qg8 38. Bf2 Qg6 39. Qf4 Nd3 40. Qe4 Nxf2
41. Kxf2 Rae8 42. Qf4 Re5 43. g4 Rxf5 44. gxf5 Qh5 45. Qg4 Qh6 46. Rd1 Rg8 47.
Qf3 Qg7 48. b4 Qa7+ 49. Ke2 Qe7+ 50. Kf1 Qe5 51. Rd2 Rg5 52. Qa8+ Kg7 53. Qb7+
Kh6 54. Rf2 Qa1+ 55. Ke2 Qxa2+ 56. Kf1 Qc4+ 57. Ke1 Rg1+ 58. Kd2 Rg3 59. h4
Qa2+ 60. Ke1 Qb1+ 61. Ke2 Qd3+ 62. Ke1 Rg1+ 63. Rf1 Rxf1# 0-1

[Event "ICS rated blitz match"]
[Site "204.178.125.65"]
[Date "2000.04.14"]
[Round "?"]
[White "PostModernist"]
[Black "Hossa"]
[Result "1/2-1/2"]
[WhiteElo "2480"]
[BlackElo "2407"]
[PlyCount "177"]

1. d4 d5 2. Nf3 Nf6 3. e3 e6 4. Bd3 c5 5. c3 Be7 6. O-O O-O 7. Bd2 Nc6 8. Ne5
Nxe5 9. dxe5 Nd7 10. b3 Nxe5 11. Bxh7+ Kxh7 12. Qh5+ Kg8 13. Qxe5 Bf6 14. Qh5
e5 15. Rd1 e4 16. Bc1 Be6 17. Bb2 Qd7 18. Na3 Rad8 19. h3 Qc7 20. Nb5 Qb8 21.
Rab1 a6 22. Na3 Be7 23. Nc2 Bd6 24. b4 d4 25. exd4 Bh2+ 26. Kh1 Bxa2 27. Ra1
Bb3 28. Rdc1 Bf4 29. Ne3 Bxe3 30. fxe3 Qg3 31. Qxc5 Qxe3 32. Rf1 Qe2 33. Ba3
Rc8 34. Qe7 Bd5 35. Qg5 Rxc3 36. Qxd5 Rxa3 37. Qxb7 Rg3 38. Rg1 Qe3 39. Rge1
Qxd4 40. Qxe4 Qb6 41. Qf4 Rb3 42. Qf1 Qxb4 43. Rxa6 Qd2 44. Ra7 Qd5 45. Kg1
Qd4+ 46. Qf2 Qxf2+ 47. Kxf2 Rd8 48. h4 Rb4 49. g3 Rbd4 50. Ree7 Rd2+ 51. Kf3
Rd1 52. Kg2 R8d2+ 53. Kh3 Rf2 54. h5 Rh1+ 55. Kg4 Rg1 56. Re8+ Kh7 57. Raa8 g5
58. Rh8+ Kg7 59. Rag8+ Kf6 60. Rxg5 Rfg2 61. Rh6+ Ke7 62. Re5+ Kf8 63. Re3 Rf2
64. Rd6 Rc2 65. h6 Rc4+ 66. Kf5 Rc5+ 67. Kf4 Rf1+ 68. Ke4 Rc4+ 69. Ke5 Kg8 70.
Ra6 Rc8 71. Ke4 f6 72. Re2 Re8+ 73. Kd3 Rf3+ 74. Kd2 Rxe2+ 75. Kxe2 Rxg3 76.
Rxf6 Rg2+ 77. Kf3 Rh2 78. Kg3 Rh1 79. Kf4 Rf1+ 80. Kg5 Rxf6 81. Kxf6 Kh7 82.
Kg5 Kh8 83. Kh4 Kh7 84. Kh5 Kh8 85. Kg5 Kh7 86. Kh5 Kh8 87. Kg6 Kg8 88. h7+ Kh8
89. Kh6 1/2-1/2

[Event "ICS rated blitz match"]
[Site "204.178.125.65"]
[Date "2000.04.14"]
[Round "?"]
[White "Hossa"]
[Black "PostModernist"]
[Result "1/2-1/2"]
[WhiteElo "2410"]
[BlackElo "2477"]
[PlyCount "159"]

1. e4 e5 2. Nf3 Nc6 3. Nc3 Nf6 4. Nxe5 Bb4 5. Nxc6 dxc6 6. d3 Qd4 7. Bd2 Ng4 8.
Qe2 Bc5 9. Nd1 O-O 10. c3 Qd8 11. g3 Ne5 12. h3 Ng6 13. Ne3 Be6 14. d4 Be7 15.
f4 Nh8 16. f5 Bd7 17. Bg2 c5 18. O-O Re8 19. Nd5 cxd4 20. cxd4 Bc6 21. Nxe7+
Qxe7 22. Rfe1 f6 23. Qc4+ Nf7 24. Bf4 Rec8 25. a4 a5 26. Rec1 Ra7 27. Qc2 Qe8
28. Bf3 Bd7 29. Bh5 c6 30. Qb3 Rca8 31. Bd2 Rd8 32. Be3 Raa8 33. Rab1 b5 34.
axb5 cxb5 35. Rc7 a4 36. Bxf7+ Qxf7 37. Qxf7+ Kxf7 38. e5 fxe5 39. Bg5 Kg8 40.
Bxd8 Rxd8 41. Rc5 Bxf5 42. Rd1 Bxh3 43. Rxe5 b4 44. Rb5 b3 45. Ra5 Bd7 46. Rc1
Be8 47. d5 h5 48. Re1 Bf7 49. Rd1 Rd6 50. Kf2 Kh7 51. Ke3 Bg8 52. Ke4 Kh6 53.
Rxa4 Rg6 54. Kf3 Rd6 55. Ra5 Rf6+ 56. Ke3 Rf5 57. Rd3 Kg5 58. Kd4 h4 59. gxh4+
Kxh4 60. Kc5 g5 61. Ra1 g4 62. Ra3 g3 63. Rd4+ Kh5 64. Rxb3 Rg5 65. Rdd3 g2 66.
Rg3 Bxd5 67. Rbe3 Rxg3 68. Rxg3 Kh4 69. Rg7 Bf3 70. Rxg2 Bxg2 71. b3 Kg4 72. b4
Kf3 73. b5 Bh1 74. b6 Kg4 75. Kd4 Kg3 76. Ke3 Bg2 77. Kd4 Bh1 78. Ke3 Bf3 79.
Kd4 Bh1 80. Ke3 1/2-1/2

[Event "ICS rated blitz match"]
[Site "204.178.125.65"]
[Date "2000.04.14"]
[Round "?"]
[White "Zippy"]
[Black "Hossa"]
[Result "0-1"]
[WhiteElo "2240"]
[BlackElo "2413"]
[PlyCount "174"]

1. e4 e5 2. Nf3 Nc6 3. Bb5 a6 4. Ba4 Nf6 5. O-O Be7 6. Bxc6 dxc6 7. Nxe5 Nxe4
8. d3 Nd6 9. Nc3 O-O 10. Re1 Re8 11. Bf4 Be6 12. h3 Bf6 13. Nf3 Nb5 14. Nxb5
axb5 15. Qb1 Bd5 16. Re3 Rxe3 17. fxe3 Bxf3 18. gxf3 Qe7 19. Kf2 g5 20. Bg3 Qe6
21. Bxc7 Qd7 22. Bg3 Qxh3 23. d4 Bg7 24. c3 Qe6 25. a3 Re8 26. Qd3 Qh3 27. Rg1
f5 28. d5 Rd8 29. d6 b6 30. Rg2 f4 31. exf4 gxf4 32. Bxf4 Qh4+ 33. Bg3 Qg5 34.
Qe3 Qxe3+ 35. Kxe3 Kf7 36. Rd2 h5 37. Ke4 Bf6 38. d7 Bg5 39. f4 Bf6 40. Rd6 Be7
41. Rd1 Bf6 42. Kf5 Rg8 43. Rd3 Bd8 44. b3 c5 45. Be1 c4 46. bxc4 Rg6 47. Bf2
bxc4 48. Rd4 Rg2 49. Be1 Re2 50. Bd2 b5 51. Rd6 Ke7 52. Rd5 h4 53. Kg4 Ke6 54.
Rd4 Rg2+ 55. Kf3 h3 56. Be1 Rg1 57. Bg3 Rc1 58. Kg4 Rxc3 59. f5+ Kf7 60. a4
bxa4 61. Kxh3 a3 62. Kg4 a2 63. Rd1 Ra3 64. Be5 c3 65. Rh1 Ra4+ 66. Kg3 Rh4 67.
Rxh4 a1=Q 68. Rh7+ Kf8 69. Rh8+ Kf7 70. Rh7+ Kf8 71. Rh8+ Kf7 72. Rxd8 Qe1+ 73.
Kf3 Qd1+ 74. Ke4 Qh1+ 75. Kd3 Qd5+ 76. Bd4 c2 77. Rc8 Qxf5+ 78. Ke3 Qh3+ 79.
Ke4 Qh1+ 80. Kd3 Qd1+ 81. Ke4 Qb1 82. Rf8+ Ke6 83. d8=Q c1=Q+ 84. Kf3 Qh1+ 85.
Kg3 Qd3+ 86. Be3 Qxe3+ 87. Kg4 Qhh3# 0-1

[Event "ICS rated blitz match"]
[Site "204.178.125.65"]
[Date "2000.04.14"]
[Round "?"]
[White "Hossa"]
[Black "Data"]
[Result "0-1"]
[WhiteElo "2422"]
[BlackElo "2787"]
[PlyCount "132"]

1. e4 c5 2. Nf3 Nc6 3. d4 cxd4 4. Nxd4 Nf6 5. Nc3 d6 6. Bg5 e6 7. Qd2 a6 8.
O-O-O h6 9. Be3 Be7 10. f4 Bd7 11. g3 O-O 12. Kb1 Qc7 13. f5 Nxd4 14. Bxd4 e5
15. Be3 Bc6 16. Qg2 b5 17. g4 b4 18. Nd5 Nxd5 19. exd5 Bd7 20. Qf2 Rfc8 21. Bb6
Qb7 22. h4 Rab8 23. Be3 Bd8 24. g5 Bb6 25. Bd3 Bxe3 26. Qxe3 h5 27. Qe2 Bb5 28.
Qxh5 Bxd3 29. Rxd3 e4 30. Rdd1 Qc7 31. Rh2 b3 32. axb3 Qe7 33. f6 Qe5 34. fxg7
Qxg7 35. Qe2 Qe5 36. Rf2 a5 37. Rf6 a4 38. Qh5 Rc7 39. Qh6 a3 40. bxa3 Qc3 41.
Rg6+ fxg6 42. Qxg6+ Kh8 43. Qh6+ Rh7 44. Qf6+ Qxf6 45. gxf6 Rxh4 46. b4 Rf4 47.
Rg1 Re8 48. Kb2 e3 49. Rh1+ Kg8 50. Kc3 e2 51. Re1 Rf5 52. Kd2 Rxd5+ 53. Kc1
Kf7 54. a4 Kxf6 55. c3 Kg5 56. Kc2 Kf4 57. c4 Rd4 58. a5 Rxc4+ 59. Kb2 Rxb4+
60. Kc3 Ree4 61. Rxe2 Rxe2 62. a6 Ree4 63. Kd2 Red4+ 64. Kc1 Ke3 65. Kc2 Rdc4+
66. Kd1 Rb1# 0-1

[Event "ICS rated blitz match"]
[Site "204.178.125.65"]
[Date "2000.04.14"]
[Round "?"]
[White "Data"]
[Black "Hossa"]
[Result "1-0"]
[WhiteElo "2790"]
[BlackElo "2419"]
[PlyCount "78"]

1. e4 e5 2. Nf3 Nc6 3. Bc4 Bc5 4. b4 Bxb4 5. c3 Ba5 6. d4 d6 7. Qb3 Qd7 8. dxe5
dxe5 9. O-O Bb6 10. Rd1 Qe7 11. Rd5 Be6 12. Ba3 Qf6 13. Nbd2 g5 14. h3 Nge7 15.
Bxe7 Qxe7 16. Rd3 O-O 17. Bxe6 fxe6 18. Nc4 Rad8 19. Rxd8 Nxd8 20. Ncxe5 Nf7
21. Nxf7 Rxf7 22. e5 Rf4 23. Rd1 c5 24. Rd6 c4 25. Qb5 g4 26. hxg4 Rxg4 27. Nd4
Re4 28. Kf1 Bxd4 29. Qxc4 Bc5 30. Qxc5 Qe8 31. g3 b5 32. Qxa7 Rxe5 33. Rd7 Qf8
34. Qb6 Rf5 35. Rd8 Rxf2+ 36. Ke1 Rf1+ 37. Ke2 Rf2+ 38. Ke3 Rf3+ 39. Ke4 Rf1
1-0

[Event "ICS rated blitz match"]
[Site "204.178.125.65"]
[Date "2000.04.14"]
[Round "?"]
[White "Hossa"]
[Black "Zippy"]
[Result "1-0"]
[WhiteElo "2416"]
[BlackElo "2231"]
[PlyCount "77"]

1. e4 c5 2. Nf3 d6 3. d4 cxd4 4. Nxd4 Nf6 5. Nc3 a6 6. Bg5 Nbd7 7. Be2 Qb6 8.
Nb3 Qc6 9. f3 Nc5 10. Nd4 Qb6 11. Bxf6 gxf6 12. Nd5 Qd8 13. c4 e6 14. Nc3 Bh6
15. Rb1 Rg8 16. g3 e5 17. Nf5 Bxf5 18. exf5 Be3 19. Nd5 Bd4 20. a3 a5 21. a4
Rc8 22. Bd3 Rc6 23. b4 axb4 24. Rxb4 Ra6 25. Bc2 Rg7 26. g4 h5 27. h4 Rg8 28.
Rb5 Rf8 29. gxh5 Rh8 30. f4 Rg8 31. Qd2 Rg3 32. Qe2 Rc6 33. h6 Ra6 34. Qh5 Rg8
35. h7 Qe7 36. hxg8=Q+ Kd7 37. Qhh8 Bc3+ 38. Kf1 Ne4 39. Qc8# 1-0

[Event "ICS rated blitz match"]
[Site "204.178.125.65"]
[Date "2000.04.14"]
[Round "?"]
[White "Zippy"]
[Black "Hossa"]
[Result "0-1"]
[WhiteElo "2223"]
[BlackElo "2424"]
[PlyCount "134"]

1. e4 e5 2. Nf3 Nc6 3. Bb5 a6 4. Ba4 Nf6 5. O-O Be7 6. Bxc6 dxc6 7. Nxe5 Nxe4
8. d3 Nd6 9. Nc3 O-O 10. Re1 Re8 11. Bf4 Be6 12. Qh5 Nb5 13. Nxb5 axb5 14. b3
Bb4 15. Re4 Bc3 16. Rc1 Rxa2 17. Nf3 g6 18. Qc5 b4 19. Qe3 Qd7 20. Ng5 b6 21.
Nxe6 fxe6 22. Be5 Bxe5 23. Rxe5 Qf7 24. d4 Qd7 25. Re4 Qd6 26. Re5 Re7 27. f3
Qd7 28. Kh1 Re8 29. Re4 Qe7 30. Re5 Qd6 31. g3 Qd7 32. Qe4 Re7 33. Re1 Qd6 34.
Rxe6 Rxe6 35. Qxe6+ Qxe6 36. Rxe6 Rxc2 37. Re8+ Kf7 38. Rc8 Rc3 39. Kg2 Rxb3
40. Rxc7+ Ke6 41. Rxc6+ Kd5 42. Rxb6 Rb2+ 43. Kh3 Kxd4 44. Rd6+ Kc3 45. Rd7 Re2
46. Rc7+ Kb2 47. Rxh7 b3 48. Rc7 Kb1 49. Rc6 g5 50. Rc5 b2 51. g4 Re3 52. Rxg5
Kc2 53. Rc5+ Rc3 54. Rxc3+ Kxc3 55. g5 b1=Q 56. Kg4 Qg1+ 57. Kf5 Qxh2 58. f4
Kd4 59. g6 Qg3 60. Kf6 Qxf4+ 61. Ke7 Qg5+ 62. Kf7 Ke5 63. g7 Qf6+ 64. Kg8 Kf5
65. Kh7 Qh4+ 66. Kg8 Kg6 67. Kf8 Qd8# 0-1

[Event "ICS rated blitz match"]
[Site "204.178.125.65"]
[Date "2000.04.14"]
[Round "?"]
[White "Hossa"]
[Black "Talov"]
[Result "1-0"]
[WhiteElo "2432"]
[BlackElo "2000"]
[PlyCount "71"]

1. e4 c5 2. Nf3 d6 3. d4 cxd4 4. Nxd4 Nf6 5. Nc3 a6 6. Bg5 e6 7. f4 Be7 8. Qf3
Nc6 9. O-O-O Bd7 10. e5 Nd5 11. Bxe7 Qxe7 12. Nf5 exf5 13. Nxd5 Qd8 14. Qe3 O-O
15. Nb6 Rb8 16. Rxd6 Qh4 17. Nxd7 Rfd8 18. Nxb8 Rxb8 19. Rd7 h6 20. Be2 Nb4 21.
g3 Qh3 22. Qb3 Rf8 23. Qxb4 Qg2 24. Qe1 Qc6 25. Qd1 Qa4 26. Kb1 Kh7 27. Rxb7
Qe4 28. Bxa6 Ra8 29. Rb6 Qa4 30. Qd3 g6 31. Qd5 Ra7 32. Rb7 Rxb7 33. Qxb7 Kg7
34. e6 Qe4 35. Qxf7+ Kh8 36. Rd1 1-0

[Event "ICS rated blitz match"]
[Site "204.178.125.65"]
[Date "2000.04.14"]
[Round "?"]
[White "Data"]
[Black "Hossa"]
[Result "1-0"]
[WhiteElo "2783"]
[BlackElo "2432"]
[PlyCount "153"]

1. e4 e5 2. Nf3 Nc6 3. Bc4 Bc5 4. b4 Bxb4 5. c3 Ba5 6. d4 d6 7. Qb3 Qd7 8. dxe5
Bb6 9. Nbd2 Na5 10. Qc2 Nxc4 11. Nxc4 d5 12. Nxb6 axb6 13. O-O dxe4 14. Qxe4
Qa4 15. Qd3 Be6 16. Rd1 Bc4 17. Qd4 h6 18. Rb1 Be2 19. Rd2 Bxf3 20. Rb4 Qc6 21.
gxf3 Qg6+ 22. Kf1 Qf5 23. Ra4 Rc8 24. Ra7 Ne7 25. Rxb7 O-O 26. Kg2 Rfe8 27. Rd1
Qe6 28. Qd7 Qxe5 29. Rd4 Ng6 30. Re4 Red8 31. Qxd8+ Rxd8 32. Rxe5 Nxe5 33. Bf4
Nc4 34. Bxc7 Ra8 35. Bxb6 Rxa2 36. Bd4 Ra8 37. h3 Rc8 38. Kg3 Nd6 39. Rb6 Nc4
40. Rb4 Nd6 41. Kf4 Nc4 42. Ke4 Na5 43. Rb5 Re8+ 44. Re5 Ra8 45. f4 Nc4 46. Re7
Rc8 47. Kd5 Nb2 48. f5 Nd3 49. Ke4 Nb2 50. f6 g6 51. f3 Nd1 52. c4 Rxc4 53.
Re8+ Kh7 54. Kd5 Rc1 55. Rf8 Rc7 56. Kd6 Rc4 57. Rxf7+ Kg8 58. Rg7+ Kf8 59. Be5
Ne3 60. Ke6 Rc6+ 61. Kd7 Nc4 62. Kxc6 Nxe5+ 63. Kd6 Nxf3 64. Rxg6 h5 65. Rg7 h4
66. Rd7 Ng5 67. Rd8+ Kf7 68. Ke5 Nxh3 69. Kf5 Nf2 70. Rd7+ Kf8 71. Ke6 Kg8 72.
Rd8+ Kh7 73. f7 Ng4 74. f8=Q Kg6 75. Qf7+ Kg5 76. Rg8+ Kh6 77. Qg6# 1-0

[Event "ICS rated standard match"]
[Site "204.178.125.65"]
[Date "2000.04.14"]
[Round "?"]
[White "raw-pawn"]
[Black "Hossa"]
[Result "0-1"]
[WhiteElo "1975"]
[BlackElo "2320"]
[PlyCount "32"]

1. e4 d5 2. exd5 Qxd5 3. Nc3 Qa5 4. Nf3 Nf6 5. Be2 e5 6. O-O Bb4 7. a3 Nc6 8.
d4 Bxc3 9. bxc3 e4 10. Nd2 Qxc3 11. d5 Qxa1 12. dxc6 bxc6 13. Nc4 Be6 14. Nd6+
cxd6 15. Qxd6 Rd8 16. Qxc6+ Bd7 0-1

[Event "ICS rated blitz match"]
[Site "204.178.125.65"]
[Date "2000.04.14"]
[Round "?"]
[White "Colgador"]
[Black "Hossa"]
[Result "0-1"]
[WhiteElo "1999"]
[BlackElo "2428"]
[PlyCount "84"]

1. e4 e5 2. Nf3 Nc6 3. Bc4 Bc5 4. O-O d6 5. c3 Qf6 6. d3 Bg4 7. Nbd2 Bb6 8. b4
Nge7 9. a4 a6 10. h3 Be6 11. Qe2 Ng6 12. Re1 Nf4 13. Qf1 Bxc4 14. Nxc4 Nxh3+
15. gxh3 Qxf3 16. Be3 Bxe3 17. Rxe3 Qf6 18. Rg3 O-O 19. Ne3 g6 20. Nd5 Qd8 21.
f4 f5 22. fxe5 fxe4 23. Qg2 Nxe5 24. dxe4 c6 25. Ne3 a5 26. Ng4 Qb6+ 27. Kh1
Nxg4 28. Rxg4 Rf2 29. Qg3 axb4 30. cxb4 Qd4 31. Rg1 Re8 32. Re1 Ref8 33. Rg1
R8f7 34. h4 Kh8 35. h5 R7f3 36. Qh4 Qe3 37. Qd8+ Rf8 38. Qh4 R2f3 39. R4g3 Rxg3
40. Rxg3 Rf1+ 41. Kh2 Qf2+ 42. Kh3 Rh1+ 0-1